LIBRARY ONLINE CATALOGUE

Concise : (Record no. 20743)

MARC details
000 -LEADER
fixed length control field 00531nam a22001937a 4500
003 - CONTROL NUMBER IDENTIFIER
control field OSt
005 - DATE AND TIME OF LATEST TRANSACTION
control field 20250617142210.0
008 - FIXED-LENGTH DATA ELEMENTS--GENERAL INFORMATION
fixed length control field 250617b |||||||| |||| 00| 0 eng d
020 ## - INTERNATIONAL STANDARD BOOK NUMBER
International Standard Book Number 9789384533168
040 ## - CATALOGING SOURCE
Original cataloging agency KABU
Transcribing agency KABU
050 ## - LIBRARY OF CONGRESS CALL NUMBER
Classification number QD151.3
Item number .T43 2018
100 ## - MAIN ENTRY--PERSONAL NAME
Personal name Thakur, O.P.
245 ## - TITLE STATEMENT
Title Concise :
Remainder of title inorganic chemistry /
Statement of responsibility, etc. O. P. Thakur
260 ## - PUBLICATION, DISTRIBUTION, ETC. (IMPRINT)
Place of publication, distribution, etc. Delhi:
Name of publisher, distributor, etc. Amiga Press,
Date of publication, distribution, etc. 2018
300 ## - PHYSICAL DESCRIPTION
Extent viii, 216p.
504 ## - BIBLIOGRAPHY, ETC. NOTE
Bibliography, etc Includes bibliographical references and index
650 ## - SUBJECT ADDED ENTRY--TOPICAL TERM
Topical term or geographic name as entry element Inorganic chemistry
942 ## - ADDED ENTRY ELEMENTS (KOHA)
Source of classification or shelving scheme Library of Congress Classification
Koha item type General Collection
Holdings
Withdrawn status Lost status Source of classification or shelving scheme Not for loan Home library Current library Shelving location Date acquired Cost, normal purchase price Inventory number Total Checkouts Full call number Barcode Date last seen Copy number Price effective from Koha item type
    Library of Congress Classification   Kabarak, Main Campus Kabarak, Main Campus General Stacks 17/06/2025 7500.00 2025/2993   QD151.3 .T43 2018 C.1 33138 17/06/2025 C.1 17/06/2025 General Collection
    Library of Congress Classification   Kabarak, Main Campus Kabarak, Main Campus General Stacks 17/06/2025 7500.00 2025/2094   QD151.3 .T43 2018 C.2 33139 17/06/2025 C.2 17/06/2025 General Collection